000 00705nam a2200241Ia 4500
003 OSt
005 20220925203856.0
006 a|||||r|||| 00| 0
007 ta
008 220923b |||||||| |||| 00| 0 eng d
037 _cGeneral Book
040 _aRTL
_cRTL
_beng
041 _2eng
_aeng
082 _aX9:77, L6
100 _aHarvey Donald F
_9267214
245 0 _aExperiontial approach to organization development
260 _aEnglewool
_bCliffs NJ Prentice Hall
_c1976
300 _axviii, 350p.
_ccm.
650 _aIndustriel Economey
700 _a Brown Donald R
_913712
942 _hX9:77, L6
_cGB
_2CC
999 _c547991
_d547991